Дело о назначении на службу лекарей, выпущенных из Виленского университета; о назначении доктора медицины Галензовского помощник...

Доступно только в Электронных читальных залах Найти на картеНа карте
RUSMARC
00004955nmc2a2200000 x 450
00160730216-0111-4a7d-8d2a-ee923c1207dc
00520151215095442.0
100##$a20150821l18241824k l0rusy0189 ca
1010#$arus
102##$aRU
2001#$aДело о назначении на службу лекарей, выпущенных из Виленского университета; о назначении доктора медицины Галензовского помощником префекта Медицинского института
$j23 апреля - 10 декабря 1824 г.
251##$cДело
300##$aДело
300##$aОриг. заголовок дела: Дело по прошению воспитанника Зелинского об определении его лекарем в Бессарабию и по представлению попечителя Виленского учебного округа о выпуске из Виленского университета19-ти лекарей, об определении их на службу и о снабжении одного из них карманным хирургическим инструментом, с выдачей всем прогонных денег. Тут же и об увольнении от казенной службы Мокржицкого и Родкевича. Тут же и утонувшем лекаре 1-го отделения Черним и об определении доктора медицины Галензовского помощником префекта медицинского при Виленском университете института. 23 апреля 1824 г. - 10 декабря 1824 г
801#0$aRU
$bРГИА
$c20150821
$gRCR
801#1$aRU
$bГлавНИВЦ
$c20150821
$2rusmarc
801#2$aRU
$bПБ им. Б.Н. Ельцина
$c20151215
$gRCR
$2rusmarc
850##$aРГИА
852##$aРГИА
$eФедеральное казенное учреждение "Российский государственный исторический архив" (РГИА)
$j142
937##$hРГИА
$d12087927
$aASBIBLIO_SCAN
462#0$100110dcdccd-ec79-4ee8-a204-b9d031b41c04
$12001
$aМедицинские дела Департамента народного просвещения
$1251
$cОпись
$1852
$j99
461#0$1001a74412a3-3cc5-4d21-8f0a-dfe2fbd9e72d
$12001
$aДепартамент народного просвещения Министерства народного просвещения
$1251
$cФонд
$1852
$j733
215##$a55 л.
$d36,5x26 см
371##$aДокумент не является опубликованным и широко распространяемым
5171#$aДело по прошению воспитанника Зелинского об определении его лекарем в Бессарабию и по представлению попечителя Виленского учебного округа о выпуске из Виленского университета19-ти лекарей, об определении их на службу и о снабжении одного из них карманным хирургическим инструментом, с выдачей всем прогонных денег. Тут же и об увольнении от казенной службы Мокржицкого и Родкевича. Тут же и утонувшем лекаре 1-го отделения Черним и об определении доктора медицины Галензовского помощником префекта медицинского при Виленском университете института. 23 апреля 1824 г. - 10 декабря 1824 г
105##$aу###
1222#$ad
035##$a60730216-0111-4a7d-8d2a-ee923c1207dc
Формат отображения